| 000 | 01156nam a2200241 i 4500 | ||
|---|---|---|---|
| 001 | 163774 | ||
| 003 | ES-MaACL | ||
| 005 | 20251012063057.0 | ||
| 008 | 950206m18761887sp |||| | spa d | ||
| 100 | 1 |
_aRodríguez Ferrer, Miguel, _d1815-1889 _9131928 |
|
| 245 | 1 | 0 |
_aNaturaleza y civilización de la grandiosa isla de Cuba o estudios variados y científicos al alcance de todos, y otros históricos, estadísticos y políticos. _nI / _cpor Miguel Rodríguez Ferrer. |
| 260 |
_aMadrid : _b[s.n.], _c1876-1887 ( _fImp. de J. Noguera a cargo de M. Martínez) |
||
| 300 |
_a1 v. (XV, 942 p.) ; _c26 cm. |
||
| 505 | 8 | _aContiene: v. 1. Naturaleza. Precede a ésta una introducción sobre las colonias en general y nuestras provincias ultramarinas en particular | |
| 530 | _aDisponible en formato digital. | ||
| 597 | _aSignaturizado. | ||
| 650 | 4 |
_aNaturaleza- _zCuba. _9161103 |
|
| 651 | 4 |
_aCuba- _xDescripción. _98092 |
|
| 651 | 4 |
_aCuba- _xCivilización. _98091 |
|
| 852 |
_aES-MaACL _jG-6680 _z- Enc. hol. |
||
| 856 |
_uhttp://bdh-rd.bne.es/viewer.vm?id=0000041426&page=1 _zBiblioteca Digital Hispánica (v. 1-2) |
||
| 999 |
_c163774 _d163774 |
||